Statistiques concernant Salaires minimums les plus élevés

Cliquez ici pour prendre le quiz!

Statistiques générales

  • Ce quiz a été pris 423 fois
    (373 depuis la dernière actualisation)
  • Le résultat moyen est 7 sur 14

Statistiques - réponses

Salaire horaire minimum nominalSalaire horaire minimum en PPAPays% Correct
12,07 $ /h12,15 $ /hFrance
94%
11,22 $ /h11,83 $ /hAllemagne
82%
12,13 $ /h11,98 $ /hRoyaume-Uni
72%
14,91 $ /h12,92 $ /hLuxembourg
71%
11,73 $ /hBelgique
70%
11,37 $ /hPays-Bas
65%
11,88 $ /hMonaco
60%
14,54 $ /h12,71 $ /hAustralie
58%
11,99 $ /hIrlande
51%
13,97 $ /h12,93 $ /hNouvelle-Zélande
38%
12,00 $ /hSaint-Marin
21%
17,63 $ /hTurquie
20%
12,14 $ /hTaïwan
17%
25,45 $ /hArgentine
15%

Distribution des résultats

Percentile par nombre de réponses

% des personnes avec chaque résultat

Votre développement - résultats

Vous n’avez pas pris ce quiz depuis la dernière actualisation